000 00359nam a22001457a 4500
005 20240118124926.0
008 240118b |||||||| |||| 00| 0 eng d
041 _aeng
100 _aSHARMA, GANESH DATT
_98401
245 _aRIGVED ME DARSHNIK TATVA
260 _aSHAHIBABAD
_bURRMILA PRAKASHAN
300 _a300;P
650 _aLIFE SKILL
_98393
942 _cBK
999 _c8486
_d8484